Online
Catalog

Biodiversidad en Venezuela / (Record no. 10779)

MARC details
000 -CABECERA
campo de control de longitud fija 00981cam a2200253 a 4500
001 - NÚMERO DE CONTROL
campo de control 000011051
005 - FECHA Y HORA DE LA ÚLTIMA TRANSACCIÓN
campo de control 20200929162340.0
008 - DATOS DE LONGITUD FIJA--INFORMACIÓN GENERAL
campo de control de longitud fija 030923s2003 ve ab b 000 0 spa d
020 ## - NÚMERO INTERNACIONAL ESTÁNDAR DEL LIBRO
Número Internacional Estándar del Libro 980379051X
040 ## - FUENTE DE LA CATALOGACIÓN
Centro catalogador/agencia de origen DO-SdBNP
Lengua de catalogación spa
Centro/agencia transcriptor BNPHU
Centro/agencia modificador DLC
082 ## - NÚMERO DE LA CLASIFICACIÓN DECIMAL DEWEY
Número de clasificación 333.9587
Número de documento/Ítem B615v
049 ## - FONDOS LOCALES (OCLC)
Fondos de biblioteca BNGR
245 00 - MENCIÓN DE TÍTULO
Título Biodiversidad en Venezuela /
Mención de responsabilidad, etc. Marisol Aguilera, Aura Azócar y Eduardo González Jiménez editores.
260 ## - PUBLICACIÓN, DISTRIBUCIÓN, ETC.
Lugar de publicación, distribución, etc. Caracas :
Nombre del editor, distribuidor, etc. Fundación Polar;
-- Ministerio de Ciencia y Tecnología;
-- Fondo Nacional de Ciencia, Tecnología e Innovación,
Fecha de publicación, distribución, etc. 2003.
300 ## - DESCRIPCIÓN FÍSICA
Extensión 2 v. :
Otras características físicas il., mapas ;
Dimensiones 25 cm.
504 ## - NOTA DE BIBLIOGRAFÍA, ETC.
Nota de bibliografía, etc. Incluye referencias bibliográficas.
650 #4 - PUNTO DE ACCESO ADICIONAL DE MATERIA--TÉRMINO DE MATERIA
Término de materia o nombre geográfico como elemento de entrada Diversidad biológica
Subdivisión geográfica Venezuela
9 (RLIN) 26517
650 #4 - PUNTO DE ACCESO ADICIONAL DE MATERIA--TÉRMINO DE MATERIA
Término de materia o nombre geográfico como elemento de entrada Conservación de los recursos naturales
Subdivisión geográfica Venezuela
9 (RLIN) 26518
700 1# - PUNTO DE ACCESO ADICIONAL--NOMBRE DE PERSONA
Nombre de persona Aguilera, Marisol,
Término indicativo de función/relación ed.
9 (RLIN) 26519
700 1# - PUNTO DE ACCESO ADICIONAL--NOMBRE DE PERSONA
Nombre de persona Azócar, Aura,
Término indicativo de función/relación ed.
9 (RLIN) 26520
700 1# - PUNTO DE ACCESO ADICIONAL--NOMBRE DE PERSONA
Nombre de persona González Jiménez, Eduardo,
Término indicativo de función/relación ed.
9 (RLIN) 26521
910 ## - DATOS DE OPCIÓN DEL USUARIO (OCLC)
Datos de opción del usuario Catalogación por copia / LC
910 ## - DATOS DE OPCIÓN DEL USUARIO (OCLC)
Datos de opción del usuario WM
Holdings
Estado de retiro Estado de pérdida Restricciones de uso No para préstamo Código de colección Localización permanente Ubicación/localización actual Ubicación en estantería Fecha de adquisición Número de inventario Total de préstamos Signatura topográfica completa Código de barras Fecha visto por última vez Precio válido a partir de Tipo de ítem Koha
    Préstamo interno   Monografías: Libros y Folletos General General Depósito 13.10.2009 LF1   333.9587 B615v | v.1 11051-10 25.06.2020 25.06.2020 Préstamo interno
    Préstamo interno   Monografías: Libros y Folletos General General Depósito 04.02.2010 LF1   333.9587 B615v | v.2 11051-20 25.06.2020 25.06.2020 Préstamo interno

Powered by Koha